[Event "Gibraltar Masters"]
[Site "Caleta ENG"]
[Date "2011.01.27"]
[Round "3.87"]
[White "Perez Reisler, Jose"]
[Black "Kandic, Milan"]
[Result "0-1"]
[WhiteElo "1893"]
[BlackElo "2143"]
[WhiteFideId "3100820"]
[BlackFideId "926752"]
[EventDate "2011.01.25"]
[EventType "swiss"]

1. c4 g6 2. g3 Bg7 3. Bg2 c6 4. e4 e5 5. Nc3 d6 6. Nge2 Be6 7. d3 Ne7 8. O-O O-O
9. Be3 f5 10. Qd2 Nd7 11. b3 Nf6 12. h3 d5 13. exf5 Nxf5 14. Bc5 Rf7 15. Rad1 b6
16. Ba3 c5 17. Qc2 Qd7 18. Kh2 Raf8 19. f4 Ne3 20. Qc1 Nxd1 21. Qxd1 d4 22. Nb1
Nh5 23. Bc1 Qc7 24. f5 gxf5 25. Nxd4 cxd4 26. Qxh5 Rf6 27. Bg5 Rg6 28. Kg1 Bf6
29. Bh6 Rf7 30. Kh2 Qe7 31. g4 Bg5 32. Bxg5 Qxg5 33. Qxg5 Rxg5 34. gxf5 Rfxf5
35. Nd2 Rxf1 36. Nxf1 Bf5 37. Be4 Bxe4 38. dxe4 Kf7 39. Nd2 Ke6 40. Nf3 Rg8 41.
h4 h6 42. Kh3 a5 43. a3 Kd6 44. h5 d3 45. Nh4 d2 46. Nf5+ Kc5 0-1

[Event "Gibraltar Masters"]
[Site "Caleta ENG"]
[Date "2011.01.27"]
[Round "3.88"]
[White "Osuna Vega, Enrique"]
[Black "Leimeister, Winfried"]
[Result "1/2-1/2"]
[WhiteTitle "CM"]
[WhiteElo "2140"]
[BlackElo "1906"]
[WhiteFideId "2219549"]
[BlackFideId "24653721"]
[EventDate "2011.01.25"]
[EventType "swiss"]

1. e4 c5 2. Nf3 g6 3. d4 cxd4 4. Nxd4 Bg7 5. c4 Nc6 6. Be3 Nf6 7. Nc3 d6 8. Be2
O-O 9. O-O Bd7 10. Qd2 Nxd4 11. Bxd4 Bc6 12. f3 e6 13. Rfd1 Qa5 14. a3 a6 15. b4
Qc7 16. Rac1 Rfd8 17. b5 Be8 18. Na4 Qe7 19. Nb6 Rab8 20. a4 Nd7 21. Nxd7 Rxd7
22. Bxg7 Kxg7 23. f4 axb5 24. cxb5 d5 25. Qc3+ f6 26. exd5 exd5 27. Bf3 Bf7 28.
Re1 Qd6 29. Qd4 Re8 30. Rxe8 Bxe8 31. Re1 Bf7 32. a5 Rc7 33. Ra1 Rc4 34. Qf2
Qxf4 35. Qe1 Qd4+ 36. Kh1 Ra4 37. Rb1 Qa7 38. Qe7 Rxa5 39. Bxd5 b6 1/2-1/2

[Event "Gibraltar Masters"]
[Site "Caleta ENG"]
[Date "2011.01.27"]
[Round "3.89"]
[White "Zaky, Tamir"]
[Black "Tozer, Philip A A"]
[Result "0-1"]
[WhiteElo "1861"]
[BlackElo "2140"]
[WhiteFideId "651451"]
[BlackFideId "419982"]
[EventDate "2011.01.25"]
[EventType "swiss"]

1. e4 e6 2. d4 d5 3. Nc3 Nf6 4. e5 Nfd7 5. f4 c5 6. Nf3 Nc6 7. Ne2 cxd4 8. Nexd4
Bc5 9. c3 O-O 10. Bd3 g6 11. Be3 Qe7 12. h4 f6 13. Nxc6 bxc6 14. Bd4 fxe5 15.
fxe5 Rb8 16. Qe2 Bxd4 17. Nxd4 Rb6 18. h5 g5 19. O-O-O c5 20. Nf3 g4 21. Nd2 Qg5
22. Rde1 c4 23. Bc2 Ba6 24. g3 d4 25. Qe4 d3 26. Rh4 Qh6 27. Rxg4+ Kh8 28. Bd1
Rxb2 29. Rf4 Rxa2 30. Nxc4 Bxc4 31. Qxc4 d2+ 32. Kb1 dxe1=Q 0-1

[Event "Gibraltar Masters"]
[Site "Caleta ENG"]
[Date "2011.01.27"]
[Round "3.90"]
[White "Daumen, Michael"]
[Black "Hegvik, Leif Trygve"]
[Result "1-0"]
[WhiteElo "2130"]
[BlackElo "1814"]
[WhiteFideId "4672283"]
[BlackFideId "1507176"]
[EventDate "2011.01.25"]
[EventType "swiss"]

1. d4 Nf6 2. Nf3 e6 3. c4 b6 4. a3 Bb7 5. Nc3 d5 6. cxd5 exd5 7. Bf4 Bd6 8. Be5
O-O 9. e3 Re8 10. Be2 Qe7 11. O-O Nbd7 12. Bxd6 cxd6 13. Rc1 Ne4 14. Qb3 Ndf6
15. Nb5 Rec8 16. Rxc8+ Bxc8 17. Nc3 Be6 18. Rc1 Rc8 19. Ne1 Nd2 20. Qd1 Nc4 21.
Qc2 Bd7 22. Bxc4 dxc4 23. e4 b5 24. Qe2 Re8 25. f3 Qd8 26. d5 Qb6+ 27. Qf2 Qb7
28. Nc2 a5 29. Nd4 b4 30. axb4 axb4 31. Nd1 Bb5 32. Nxb5 Qxb5 33. Qd4 Kf8 34.
Ne3 c3 35. bxc3 Rc8 36. c4 Qa4 37. Qb2 b3 38. Rb1 Rb8 39. h4 Nd7 40. Nf5 Qa7+
41. Kh1 f6 42. Nxd6 Qc5 43. Nf5 Ne5 44. Qd4 Qa3 45. Ne3 Qa2 46. Qb2 Kf7 47. Kh2
Nd3 48. Qd4 Ne5 49. Rb2 Qa1 50. Qc3 Qa3 51. c5 Nd3 52. Nc4 Qb4 53. Qxd3 Qe1 54.
Rb1 Qxh4+ 55. Kg1 Ra8 56. d6 Ra2 57. Nb2 1-0

[Event "Gibraltar Masters"]
[Site "Caleta ENG"]
[Date "2011.01.27"]
[Round "3.91"]
[White "Hvenekilde, Jorgen"]
[Black "Gholami, Armin"]
[Result "1/2-1/2"]
[WhiteTitle "FM"]
[WhiteElo "2121"]
[BlackElo "1779"]
[WhiteFideId "1400649"]
[BlackFideId "1510487"]
[EventDate "2011.01.25"]
[EventType "swiss"]

1. d4 e6 2. Nf3 d5 3. c4 Nf6 4. g3 Be7 5. Bg2 O-O 6. O-O dxc4 7. Nbd2 c5 8. e3
Nc6 9. Nxc4 Qc7 10. b3 b5 11. Nce5 Bb7 12. Qe2 cxd4 13. exd4 b4 14. Bb2 Rfd8 15.
Rac1 Qb6 16. Nxf7 Kxf7 17. Rxc6 Bxc6 18. Ne5+ Kf8 19. Nxc6 Rd6 20. d5 Re8 21.
Bd4 Qc7 22. Be5 exd5 23. Nd4 Qd7 24. Bxd6 1/2-1/2

[Event "Gibraltar Masters"]
[Site "Caleta ENG"]
[Date "2011.01.27"]
[Round "3.95"]
[White "Berggren, Klas"]
[Black "Wheldon, Philip"]
[Result "0-1"]
[WhiteElo "1463"]
[BlackElo "2106"]
[WhiteFideId "1715089"]
[BlackFideId "407402"]
[EventDate "2011.01.25"]
[EventType "swiss"]

1. e4 c5 2. Nf3 d6 3. d4 cxd4 4. Nxd4 Nf6 5. Nc3 Nc6 6. Bg5 e6 7. Qd2 a6 8. Be2
Bd7 9. O-O h6 10. Be3 b5 11. f3 Qc7 12. Rfc1 Be7 13. Kh1 b4 14. Nd1 d5 15. Nxc6
Bxc6 16. exd5 Nxd5 17. Bg1 Bg5 18. Ne3 Qe5 19. Ng4 Bxd2 20. Nxe5 Bxc1 21. Nxc6
Bxb2 22. Rb1 Bf6 23. Re1 O-O 24. Bd3 Bc3 25. Rd1 Rfc8 26. Na5 Bf6 27. Nb3 a5 28.
Nd4 Nc3 29. Re1 Rd8 30. Nc6 Rxd3 31. cxd3 Nxa2 32. Bd4 Bxd4 33. Nxd4 a4 34. Nc2
b3 35. Na3 Nb4 36. Rd1 Nc2 37. Nc4 a3 38. Nxa3 Rxa3 0-1

[Event "Gibraltar Masters"]
[Site "Caleta ENG"]
[Date "2011.01.27"]
[Round "3.96"]
[White "Byron, Alan M"]
[Black "Neumanova, Monika"]
[Result "1-0"]
[WhiteElo "2192"]
[BlackElo "1712"]
[WhiteFideId "401773"]
[BlackFideId "323918"]
[EventDate "2011.01.25"]
[EventType "swiss"]

1. d4 Nf6 2. Nf3 e6 3. c4 d5 4. Nc3 c5 5. cxd5 Nxd5 6. e4 Nxc3 7. bxc3 a6 8. Be2
Be7 9. O-O O-O 10. Bf4 b5 11. d5 exd5 12. exd5 Bd6 13. Bg5 f6 14. Be3 c4 15. Nd4
Re8 16. Bf3 Nd7 17. a4 b4 18. Nc6 Qc7 19. cxb4 Bxh2+ 20. Kh1 Bd6 21. Qc2 Ne5 22.
Nxe5 fxe5 23. Be4 h6 24. Rfc1 Bxb4 25. d6 1-0

[Event "Gibraltar Masters"]
[Site "Caleta ENG"]
[Date "2011.01.27"]
[Round "3.97"]
[White "Martinez Gonzalez, Francisco II"]
[Black "Flores Chico, Jorge"]
[Result "0-1"]
[WhiteElo "1870"]
[BlackElo "1999"]
[WhiteFideId "22250328"]
[BlackFideId "2231310"]
[EventDate "2011.01.25"]
[EventType "swiss"]

1. d4 Nc6 2. Nf3 d5 3. e3 Nf6 4. b3 g6 5. Bb2 Bg7 6. a3 O-O 7. Bd3 e5 8. dxe5
Ng4 9. Nc3 Ncxe5 10. Be2 Nxf2 11. Kxf2 Ng4+ 12. Kg1 Nxe3 13. Qd3 Re8 14. Qd2 Bh6
15. Nxd5 Qxd5 16. Qxd5 Nxd5 17. Bd3 Be3+ 18. Kf1 Nf4 19. Bc4 Be6 20. Ne5 Bxc4+
21. bxc4 Rad8 22. g3 Nh5 23. Nd3 Bd4 24. Re1 Bxb2 25. Rxe8+ Rxe8 26. Nxb2 Nf6
27. Kf2 Ng4+ 28. Kf3 h5 29. h3 Ne5+ 30. Kf2 f6 31. Rd1 Kf7 32. Rd4 Re6 33. a4
Rd6 34. c3 Ke6 35. Ke3 g5 36. Kf2 f5 37. Ke3 b6 38. Kf2 Nc6 39. Rxd6+ Kxd6 40.
Ke3 Kc5 41. h4 f4+ 42. gxf4 g4 43. Ke4 Kd6 44. Nd1 Ke6 45. Ne3 Ne7 46. f5+ Kf6
47. Kf4 c6 48. c5 bxc5 49. a5 Nd5+ 0-1

[Event "Gibraltar Masters"]
[Site "Caleta ENG"]
[Date "2011.01.27"]
[Round "3.98"]
[White "Winkler, Stefan1"]
[Black "Phillips, Owen S"]
[Result "0-1"]
[WhiteElo "1867"]
[BlackElo "1992"]
[WhiteFideId "4698142"]
[BlackFideId "417882"]
[EventDate "2011.01.25"]
[EventType "swiss"]

1. e4 e6 2. b3 d5 3. Bb2 Nf6 4. e5 Nfd7 5. Qe2 c5 6. f4 Nc6 7. Nf3 Be7 8. g3 Qc7
9. Nc3 a6 10. Bh3 g6 11. O-O Nb6 12. Rae1 Bd7 13. g4 h5 14. Ng5 c4 15. Kh1 Nd8
16. Nf3 hxg4 17. Bxg4 Nc6 18. Nd1 Nb4 19. Nd4 Bh4 20. Nf2 Bg3 21. Nh3 Bxe1 22.
Qxe1 O-O-O 23. Ba3 a5 24. c3 Nd3 25. Qe3 Bc6 26. Bd6 Rxd6 27. exd6 Qxd6 28. Ng5
Be8 29. Nb5 Qc5 30. Qxc5+ Nxc5 31. Nd6+ Kc7 32. Ndxf7 Bxf7 33. Nxf7 Rh4 34. h3
cxb3 35. axb3 Nxb3 36. Bxe6 Nc5 37. Bg4 Ne4 38. Kg2 Nxd2 39. Ra1 Nbc4 40. Kg3
Rh7 41. Ng5 Re7 42. Ne6+ Kd6 43. Nf8 Nb3 44. Ra2 Re3+ 45. Kf2 Rxc3 46. Nxg6 d4
47. f5 Ne5 48. Bd1 b6 49. Nf4 Nc1 50. Ra4 Ncd3+ 51. Nxd3 Nxd3+ 52. Kf1 Ke5 53.
Bg4 Rc1+ 54. Ke2 Nc5 55. Ra2 d3+ 56. Kd2 Rh1 57. Ke3 Re1+ 58. Kd2 Rb1 59. Ke3 a4
60. Rf2 Kf6 61. Rh2 b5 62. Kd4 Rc1 63. h4 d2 64. h5 Nb3+ 65. Ke3 d1=Q 66. Bxd1
Rxd1 67. h6 Rd8 68. Kf4 Nd4 69. Rb2 a3 70. Rb1 a2 71. Ra1 Ne2+ 72. Ke3 Nc3 73.
h7 Kxf5 74. h8=Q Rxh8 75. Kd3 b4 76. Kc2 Ke4 77. Kb2 Kd4 78. Kb3 Kc5 79. Kc2 Kc4
80. Kb2 Rh2+ 0-1

[Event "Gibraltar Masters"]
[Site "Caleta ENG"]
[Date "2011.01.27"]
[Round "3.100"]
[White "Bihi, Mehdi"]
[Black "Salomon, Johan"]
[Result "1/2-1/2"]
[WhiteElo "1936"]
[BlackElo "1836"]
[WhiteFideId "637076"]
[BlackFideId "1509500"]
[EventDate "2011.01.25"]
[EventType "swiss"]

1. e4 c5 2. Nf3 d6 3. c3 Nf6 4. Be2 g6 5. O-O Bg7 6. Re1 O-O 7. Bf1 Nc6 8. h3
Bd7 9. d4 cxd4 10. cxd4 d5 11. e5 Ne4 12. Qb3 Na5 13. Qxd5 Bc6 14. Qxd8 Rfxd8
15. b4 Nxf2 16. Kxf2 Bxf3 17. bxa5 Bc6 18. Be3 f6 19. Bc4+ Kh8 20. Nc3 fxe5 21.
d5 Bd7 22. Ne4 Bf5 23. Bg5 Rd7 24. Rac1 h6 25. Bd2 Bxe4 26. Rxe4 e6 27. d6 Rxd6
28. Bc3 Rc6 29. Bxe5 b5 30. axb6 axb6 31. Bxg7+ Kxg7 32. Rxe6 Rxa2+ 33. Bxa2
Rxc1 34. Bb3 b5 35. Re5 h5 36. Rxb5 Rc6 37. h4 Rd6 38. Bd5 Kh6 39. Bf3 Rd4 40.
Kg3 Rd6 41. Be4 Re6 42. Bf3 Rd6 43. Rc5 Rd4 44. Rc6 Rb4 45. Re6 Kg7 46. Be4 Kf7
47. Rxg6 Rxe4 48. Rg5 Re3+ 49. Kf2 Ra3 50. Rxh5 Kg6 51. Re5 Rb3 52. Re3 Rb4 53.
Re5 Rxh4 54. Kf3 Ra4 55. Rb5 Kf6 56. Rd5 Rb4 57. Ra5 Kg6 58. Ra8 Kf6 59. Rf8+
Kg7 60. Rf4 Rb1 61. Kg4 Rb5 62. Ra4 Rb6 63. Ra5 Rc6 64. Kh5 Rh6+ 65. Kg4 Rb6 66.
Rg5+ Kh6 67. Kh4 Rb4+ 68. Rg4 Rb5 69. Rg8 Kh7 70. Rg5 Rb4+ 71. Kh5 Rb6 72. g3
Ra6 73. Rb5 Kg7 74. Rb7+ Kg8 75. g4 Rc6 76. g5 Ra6 77. Rb5 Kg7 78. Rb8 Rc6 79.
Rb7+ Kg8 80. Rb5 Kg7 81. g6 Rc1 82. Rb7+ Kg8 83. Rb5 Rh1+ 84. Kg5 Rg1+ 85. Kf6
Rf1+ 86. Ke6 Kg7 87. Rg5 1/2-1/2

[Event "Gibraltar Masters"]
[Site "Caleta ENG"]
[Date "2011.01.27"]
[Round "3.101"]
[White "Siddiqui, Nida Mishraz"]
[Black "Brown, David"]
[Result "1/2-1/2"]
[WhiteElo "1738"]
[BlackElo "1923"]
[WhiteFideId "7800495"]
[BlackFideId "416150"]
[EventDate "2011.01.25"]
[EventType "swiss"]

1. e4 e5 2. Nf3 Nc6 3. Bc4 Bc5 4. Nc3 Nf6 5. d3 h6 6. O-O d6 7. h3 O-O 8. Re1 a6
9. a3 Be6 10. Bxe6 fxe6 11. Be3 Nd4 12. Bxd4 exd4 13. Ne2 Nh5 14. Nexd4 Bxd4 15.
Nxd4 Qf6 16. Rf1 Qxd4 17. Qxh5 Qxb2 18. Qe2 b6 19. Rfb1 Qd4 20. Ra2 Rf7 21. Rb4
Qf6 22. f3 e5 23. c3 Qf4 24. Rc2 g5 25. Qd2 Kf8 26. Qxf4 gxf4 27. d4 Re8 28. Rd2
Re6 29. dxe5 Rxe5 30. Rd5 Ke8 31. Kf2 Rf6 1/2-1/2

[Event "Gibraltar Masters"]
[Site "Caleta ENG"]
[Date "2011.01.27"]
[Round "3.102"]
[White "Stene, Vegard"]
[Black "Helin, Mikael"]
[Result "1-0"]
[WhiteElo "1608"]
[BlackElo "1914"]
[WhiteFideId "1513907"]
[BlackFideId "1703838"]
[EventDate "2011.01.25"]
[EventType "swiss"]

1. d4 d5 2. c4 Nc6 3. cxd5 Qxd5 4. Nf3 e5 5. Nc3 Bb4 6. Bd2 Bxc3 7. Bxc3 e4 8.
Ne5 e3 9. fxe3 Nxe5 10. dxe5 Qxd1+ 11. Rxd1 Be6 12. a3 Nh6 13. e4 Ng4 14. Rd3
Rd8 15. h3 Nh6 16. g4 Ng8 17. Kf2 Ne7 18. Rxd8+ Kxd8 19. e3 Kc8 20. Be2 h6 21.
b4 Kb8 22. a4 Rc8 23. Bd4 Nc6 24. Rb1 f6 25. exf6 gxf6 26. Kf3 Ne5+ 27. Kf4 Re8
28. Rf1 Bb3 29. Kg3 Nf7 30. Rxf6 Nd6 31. Rxh6 Nxe4+ 32. Kf4 Bxa4 33. Be5 Bc2 34.
Rh8 Rxh8 35. Bxh8 c5 36. bxc5 Nxc5 37. h4 Ne6+ 38. Ke5 Nf8 39. h5 a5 40. g5 a4
41. Bg7 a3 42. Kd6 Nh7 43. g6 Ng5 44. Ba1 Ne4+ 45. Ke7 Ng3 46. Be5+ Ka7 47. Bxg3
Kb6 48. g7 Bh7 49. Kf7 Kc5 50. Be5 b5 51. Bxb5 Kxb5 52. g8=Q Bxg8+ 53. Kxg8 1-0

[Event "Gibraltar Masters"]
[Site "Caleta ENG"]
[Date "2011.01.27"]
[Round "3.103"]
[White "Messam-Sparks, Lateefah"]
[Black "Kuenitz, Klaus"]
[Result "1-0"]
[WhiteElo "1904"]
[BlackElo "1695"]
[WhiteFideId "470813"]
[BlackFideId "4640713"]
[EventDate "2011.01.25"]
[EventType "swiss"]

1. d4 f5 2. c4 g6 3. g3 Nf6 4. Nc3 Bg7 5. Bg2 O-O 6. Nf3 d6 7. O-O Qe8 8. d5 Bd7
9. Qb3 Qc8 10. c5 e5 11. Ng5 Na6 12. c6 1-0

[Event "Gibraltar Masters"]
[Site "Caleta ENG"]
[Date "2011.01.27"]
[Round "3.106"]
[White "Lundback, Karl"]
[Black "Matto, Manuel"]
[Result "1-0"]
[WhiteElo "1969"]
[BlackElo "1838"]
[WhiteFideId "1716026"]
[BlackFideId "413062"]
[EventDate "2011.01.25"]
[EventType "swiss"]

1. e4 d6 2. Nf3 e6 3. g3 Be7 4. Bg2 Nd7 5. O-O h6 6. d4 c6 7. c4 Nf8 8. Nc3 Nh7
9. Be3 h5 10. e5 d5 11. c5 h4 12. h3 Nh6 13. g4 Bd7 14. Qd2 Ng8 15. Nh2 Qa5 16.
f4 O-O-O 17. a3 f5 18. g5 g6 19. Nf3 Qc7 20. Nxh4 Nf8 21. Nf3 Be8 22. b4 Nd7 23.
Rfb1 Nb8 24. a4 Bf8 25. b5 a6 26. bxa6 Nxa6 27. Rb6 Kd7 28. Rab1 Rb8 29. Qb2 Kc8
30. Bf1 Qh7 31. Bxa6 Qxh3 32. Qg2 Kc7 33. Qxh3 Rxh3 34. Kg2 1-0

[Event "Gibraltar Masters"]
[Site "Caleta ENG"]
[Date "2011.01.27"]
[Round "3.107"]
[White "Christiansen, Johan-Sebastian"]
[Black "Lee, Kai Jie Edward"]
[Result "0-1"]
[WhiteElo "1955"]
[BlackElo "1833"]
[WhiteFideId "1512668"]
[BlackFideId "5802920"]
[EventDate "2011.01.25"]
[EventType "swiss"]

1. c4 e6 2. g3 d5 3. Bg2 c5 4. Nf3 Nf6 5. O-O Nc6 6. cxd5 exd5 7. d4 Be7 8. Nc3
O-O 9. Bg5 cxd4 10. Nxd4 h6 11. Be3 Re8 12. Qa4 Na5 13. Nxd5 Nxd5 14. Bxd5 Bh3
15. Bg2 Bxg2 16. Kxg2 Qd5+ 17. Nf3 Nc4 18. Bd4 Bd6 19. Rad1 Rxe2 20. Bxg7 Ne3+
21. Kh3 Qf5+ 22. g4 Qxf3+ 23. Kh4 Ng2+ 24. Kh5 Qh3# 0-1

[Event "Gibraltar Masters"]
[Site "Caleta ENG"]
[Date "2011.01.27"]
[Round "3.108"]
[White "Gonzalez Amaya, Millan"]
[Black "Garcia De Lomas Guerrero, Carlos"]
[Result "0-1"]
[WhiteElo "1817"]
[BlackElo "1940"]
[WhiteFideId "2262991"]
[BlackFideId "2245876"]
[EventDate "2011.01.25"]
[EventType "swiss"]

1. e4 e6 2. d3 d5 3. Nd2 Nf6 4. g3 c5 5. Bg2 Nc6 6. Ngf3 Qc7 7. O-O Be7 8. Re1
h6 9. c3 b6 10. e5 Nd7 11. d4 Ba6 12. a3 g5 13. c4 dxc4 14. Ne4 cxd4 15. Nd6+
Bxd6 16. exd6 Qxd6 17. Nxd4 Qxd4 18. Qa4 Bb7 19. Bxc6 Bxc6 20. Qxc6 O-O 21. Be3
Qd5 22. Qa4 Nc5 23. Bxc5 Qxc5 24. Rac1 b5 25. Qd1 Qf5 26. Qh5 Qf6 27. Rc3 Kh7
28. Re4 Rad8 29. h4 Rd2 30. Rf3 Qg6 31. Qxg6+ Kxg6 32. b3 Rc8 33. bxc4 bxc4 34.
Rc3 Rd3 35. Rxd3 cxd3 36. Rd4 Rc3 37. a4 Kf5 38. hxg5 hxg5 39. Kg2 Ke5 40. Rd7
Ke4 0-1

[Event "Gibraltar Masters"]
[Site "Caleta ENG"]
[Date "2011.01.27"]
[Round "3.109"]
[White "Georgieva, Emilia"]
[Black "Bishop, Peter"]
[Result "1-0"]
[WhiteElo "1907"]
[BlackElo "1784"]
[WhiteFideId "2902451"]
[BlackFideId "613053"]
[EventDate "2011.01.25"]
[EventType "swiss"]

1. d4 f5 2. e4 d6 3. Nc3 g6 4. exf5 Bxf5 5. g4 Bd7 6. Bg2 Nc6 7. Bxc6 bxc6 8. h4
Qc8 9. f3 Nf6 10. h5 Bg7 11. hxg6 hxg6 12. Rxh8+ Bxh8 13. Qd3 Kf7 14. Bd2 Bxg4
15. fxg4 Qxg4 16. Nce2 Qh4+ 17. Qg3 Qxg3+ 18. Nxg3 e5 19. dxe5 dxe5 20. Nf3 Ke6
21. Ng5+ Kd6 22. O-O-O Kc5 23. Be3+ Kb5 24. Rd3 a5 25. Ne6 Rc8 26. Rb3+ Kc4 27.
Rc3+ Kb5 28. Rc5+ Ka6 1-0

[Event "Gibraltar Masters"]
[Site "Caleta ENG"]
[Date "2011.01.27"]
[Round "3.111"]
[White "Wright, Jonathan ENG"]
[Black "Forsa, Elise"]
[Result "1/2-1/2"]
[WhiteElo "1895"]
[BlackElo "1726"]
[WhiteFideId "418331"]
[BlackFideId "1500163"]
[EventDate "2011.01.25"]
[EventType "swiss"]

1. e4 c5 2. Nc3 e6 3. f4 a6 4. Nf3 Nc6 5. d3 d6 6. Be2 Be7 7. O-O b5 8. Be3 Bb7
9. Qe1 Nf6 10. Qg3 O-O 11. e5 Ne8 12. Rad1 Rc8 13. Rd2 dxe5 14. fxe5 Nd4 15. Bf4
Qb6 16. Kh1 Kh8 17. Nd1 Nc7 18. Ne3 Nd5 19. c3 Nxe3 20. Bxe3 Nf5 21. Qf2 Nxe3
22. Qxe3 h6 23. Rdd1 Qc7 24. d4 Kg8 25. Bd3 Rfd8 26. Bb1 Bf8 27. Qd3 g6 28. Nh4
Qe7 29. Rf6 Rd7 30. Rdf1 Qe8 31. Qe3 1/2-1/2

[Event "Gibraltar Masters"]
[Site "Caleta ENG"]
[Date "2011.01.27"]
[Round "3.112"]
[White "Veiga Rodriguez, Pablo"]
[Black "Jorgensen, Line Jin"]
[Result "0-1"]
[WhiteElo "1528"]
[BlackElo "1892"]
[WhiteFideId "32016050"]
[BlackFideId "1505467"]
[EventDate "2011.01.25"]
[EventType "swiss"]

1. d4 Nf6 2. Nf3 d5 3. e3 e6 4. c4 Be7 5. Nc3 O-O 6. Bd3 b6 7. cxd5 exd5 8. O-O
Bb7 9. Qc2 h6 10. Bd2 Nbd7 11. Rac1 a6 12. a4 c5 13. Ne2 Ne4 14. Bxe4 dxe4 15.
Ne1 Rc8 16. dxc5 Nxc5 17. Qd1 Qe8 18. Nc3 Rd8 19. b4 Rxd2 20. Qxd2 Nb3 21. Qb2
Nxc1 22. Qxc1 Bxb4 23. Qa1 Qc6 24. Nd1 a5 25. g3 Ba6 26. Ng2 Bxf1 27. Kxf1 Qc4+
28. Kg1 Rd8 29. Nh4 Qe2 30. Nc3 Bxc3 31. Qxc3 Rd1+ 32. Kg2 Qf1# 0-1

[Event "Gibraltar Masters"]
[Site "Caleta ENG"]
[Date "2011.01.28"]
[Round "4.1"]
[White "Sengupta, Deep"]
[Black "Short, Nigel D"]
[Result "0-1"]
[WhiteTitle "GM"]
[BlackTitle "GM"]
[WhiteElo "2530"]
[BlackElo "2658"]
[WhiteFideId "5008352"]
[BlackFideId "400025"]
[EventDate "2011.01.25"]
[EventType "swiss"]

1. e4 e6 2. d4 d5 3. Nc3 Nf6 4. Bg5 Be7 5. e5 Nfd7 6. Bxe7 Qxe7 7. f4 Nb6 8. Nf3
Bd7 9. Qd2 a6 10. a4 c5 11. a5 Nc8 12. Na4 cxd4 13. Qxd4 O-O 14. Qc5 Bxa4 15.
Qxe7 Nxe7 16. Rxa4 Nd7 17. Bd3 Nc6 18. Kd2 f6 19. exf6 Rxf6 20. g3 h6 21. h4 Nc5
22. Ra3 Ne4+ 23. Bxe4 dxe4 24. Nh2 e5 25. Ng4 Rd6+ 26. Ke3 exf4+ 27. gxf4 Re8
28. Ra4 Rg6 29. Ne5 Nxe5 30. fxe5 Rxe5 31. Rxe4 Rxa5 32. Re7 Rb5 33. b3 Rg3+ 34.
Kd2 Rg4 35. Rc7 h5 36. Rh3 Rd5+ 37. Kc1 b5 38. Ra7 Rd6 39. c3 Rg2 40. Rf3 Re6
41. Kd1 Re4 42. Rh3 Rf4 43. Ke1 Rff2 44. b4 Ra2 45. Kf1 Rgf2+ 46. Ke1 Rfc2 47.
Rd7 Kh7 48. Rd6 g6 49. Rd8 Kg7 50. Rd1 Kh6 51. Rd7 Rcb2 52. Rd1 Rg2 53. Kf1 Rh2
54. Rxh2 Rxh2 55. Rd4 Rh3 56. c4 bxc4 57. Rxc4 Rg3 58. Kf2 Rg4 59. Rxg4 hxg4 60.
Kg2 Kh5 61. Kg3 g5 0-1

[Event "Gibraltar Masters"]
[Site "Caleta ENG"]
[Date "2011.01.28"]
[Round "4.2"]
[White "Cmilyte, Viktorija"]
[Black "Kosintseva, Nadezhda"]
[Result "0-1"]
[WhiteTitle "GM"]
[BlackTitle "IM"]
[WhiteElo "2526"]
[BlackElo "2552"]
[WhiteFideId "12801259"]
[BlackFideId "4134974"]
[EventDate "2011.01.25"]
[EventType "swiss"]

1. d4 Nf6 2. c4 e6 3. Nf3 d5 4. Nc3 Bb4 5. cxd5 exd5 6. Bg5 Nbd7 7. e3 c5 8.
dxc5 Qa5 9. Rc1 Bxc3+ 10. bxc3 O-O 11. Be2 Ne4 12. O-O Nxc3 13. Qd2 Nxe2+ 14.
Qxe2 b6 15. c6 Ba6 16. Qc2 Bxf1 17. cxd7 Bc4 18. Be7 b5 19. Qf5 Qb6 20. Nd4 Rfd8
21. Bxd8 Rxd8 22. Qe5 Kf8 23. Nf5 Qf6 24. Qc7 g6 25. Nd6 Qe7 26. Nxc4 bxc4 27.
Qxa7 Qxd7 28. Qd4 Kg8 29. h4 h5 30. Rb1 Qf5 31. Rb5 Qd7 32. a4 Qc6 33. Qc3 Ra8
34. Rb4 Qd6 35. g3 Rb8 36. Rxb8+ Qxb8 37. a5 Qb3 38. Qe1 c3 39. a6 c2 40. a7 Qa3
41. Kh2 Qxa7 42. Qc3 Qa2 43. Qc8+ Kg7 44. Qc3+ Kh7 45. Qc7 Qb2 0-1

[Event "Gibraltar Masters"]
[Site "Caleta ENG"]
[Date "2011.01.28"]
[Round "4.4"]
[White "Buhmann, Rainer"]
[Black "Adams, Michael"]
[Result "1/2-1/2"]
[WhiteTitle "GM"]
[BlackTitle "GM"]
[WhiteElo "2572"]
[BlackElo "2723"]
[WhiteFideId "4651340"]
[BlackFideId "400041"]
[EventDate "2011.01.25"]
[EventType "swiss"]

1. Nf3 Nf6 2. c4 e6 3. g3 d5 4. d4 dxc4 5. Bg2 Bb4+ 6. Bd2 c5 7. Bxb4 cxb4 8.
Ne5 O-O 9. Nxc4 Nc6 10. e3 e5 11. dxe5 Qxd1+ 12. Kxd1 Ng4 13. Ke2 Ngxe5 14. Nbd2
Bg4+ 15. f3 Bf5 16. e4 Nd4+ 17. Kf2 Nxc4 18. Nxc4 Be6 19. Nd6 Rad8 20. Nxb7 Rd7
21. Rhd1 Rc8 22. Rd2 Rxb7 23. Rxd4 Rc2+ 24. Ke3 Kf8 25. Rd2 Rxd2 26. Kxd2 Rd7+
27. Ke3 Rc7 28. Kd2 Rd7+ 29. Ke3 Rc7 30. Kd2 Rd7+ 31. Ke3 Rc7 1/2-1/2

[Event "Gibraltar Masters"]
[Site "Caleta ENG"]
[Date "2011.01.28"]
[Round "4.5"]
[White "Rapport, Richard"]
[Black "Vallejo Pons, Francisco"]
[Result "1-0"]
[WhiteTitle "GM"]
[BlackTitle "GM"]
[WhiteElo "2531"]
[BlackElo "2698"]
[WhiteFideId "738590"]
[BlackFideId "2205530"]
[EventDate "2011.01.25"]
[EventType "swiss"]

1. Nf3 Nf6 2. g3 d5 3. Bg2 c6 4. O-O Bf5 5. b3 h6 6. Bb2 e6 7. d3 Bh7 8. Nbd2
Be7 9. c4 Nbd7 10. a3 O-O 11. Rc1 Re8 12. b4 a5 13. Qb3 Bd6 14. c5 Bc7 15. Rfe1
e5 16. e4 d4 17. Nh4 Nf8 18. Nc4 Qd7 19. Rc2 g5 20. Nf3 Ng6 21. bxa5 Bxa5 22.
Nfd2 Bc7 23. Nb6 Bxb6 24. Qxb6 Qe7 25. Qb4 Nd7 26. Bh3 h5 27. Bf5 Ra7 28. Nb3 f6
29. Bc1 Kh8 30. Kh1 Ndf8 31. f4 gxf4 32. gxf4 Nh4 33. Bh3 Ne6 34. Rf2 Raa8 35.
Ref1 Rf8 36. Qe1 exf4 37. Bxf4 Nxf4 38. Rxf4 Ng6 39. Rf5 Rxa3 40. Qd1 Ne5 41.
Rxh5 Rf7 42. Bf5 Kg8 43. Rg1+ Kf8 44. Rh3 Bg8 45. Rhg3 Bh7 46. Bxh7 Rxh7 47.
Rg8+ Kf7 48. Nxd4 f5 49. R8g7+ Rxg7 50. Rxg7+ Kxg7 51. Nxf5+ Kf6 52. Nxe7 Kxe7
53. Qc1 1-0